Central Library OPAC University of Rajshahi

Kitāb Nukhbat al-dahr fī ʿajāʼib al-barr wa-al-baḥr / (Record no. 78802)

MARC details
000 -LEADER
fixed length control field 01752nam a2200337 a 4500
001 - CONTROL NUMBER
control field 78802
003 - CONTROL NUMBER IDENTIFIER
rucl marc code BD-RjUL
005 - DATE AND TIME OF LATEST TRANSACTION
control field 20211209083156.0
008 - FIXED-LENGTH DATA ELEMENTS--GENERAL INFORMATION
fixed length control field 211115s1866 ru 000 0 ara d
035 ## - SYSTEM CONTROL NUMBER
System control number (BD-RjUL)79029
040 ## - CATALOGING SOURCE
Original cataloging agency NjP
Transcribing agency NjP
Modifying agency MH
-- CStRLIN
-- CtY
-- UkOxU
Language of cataloging eng
041 0# - LANGUAGE CODE
Language code of text/sound track or separate title arafre
082 ## - DEWEY DECIMAL CLASSIFICATION NUMBER
Edition number 23
Classification number 915.3
Author mark and year DIN 1866
100 1# - MAIN ENTRY--PERSONAL NAME
Personal name Dimashqī, Shams al-Dīn Muḥammad ibn Abī Ṭālib,
Dates associated with a name 1256 or 1257-1327.
9 (RLIN) 244049
245 10 - TITLE STATEMENT
Title Kitāb Nukhbat al-dahr fī ʿajāʼib al-barr wa-al-baḥr /
Statement of responsibility, etc. taʼlīf al-Shaykh Shams al-Dīn Abī ʿAbd Allāh Muḥammad ibn Abī Ṭālib al-Anṣārī al-Ṣūfī al-Dimashqī.
246 3# - VARYING FORM OF TITLE
Title proper/short title Nukhbat al-dahr fī ʿajāʼib al-barr wa-al-baḥr
Title proper/short title Cosmographie de Chems-ed-Din Abou Abdallah Mohammed ed-Dimichqui
260 ## - PUBLICATION, DISTRIBUTION, ETC. (IMPRINT)
Place of publication, distribution, etc. Saint-Pétersbourg :
Name of publisher, distributor, etc. Académie Impériale des sciences,
Date of publication, distribution, etc. 1866.
300 ## - PHYSICAL DESCRIPTION
Pagination 90, 285 p. ;
Size 31 cm.
500 ## - GENERAL NOTE
General note Edited by A.F. Mehren.
650 #0 - SUBJECT ADDED ENTRY--TOPICAL TERM
Topical term or geographic name as entry element Cosmography
Form subdivision Early works to 1800.
9 (RLIN) 250083
Topical term or geographic name as entry element Geography, Arab
Form subdivision Early works to 1800.
9 (RLIN) 250084
700 1# - ADDED ENTRY--PERSONAL NAME
Personal name Mehren, A. F.
Fuller form of name (August Ferdinand),
Dates associated with a name 1822-1907.
880 1# - ALTERNATE GRAPHIC REPRESENTATION
a دمشقي، شمس الدين محمد بن أبي طالب.
a نخبة الدهر في عجائب البر والبحر
a كتاب نخبة الدهر في عجائب البر والبحر /
c تأليف الشيخ شمس الدين أبي عبد الله محمد بن أبي طالب الأنصاري الصوفي الدمشقي.
a نخبة الدهر في عجائب البر والبحر
a بطرسبرغ :
b مطبعة أكاديمية الإمبراطورية،
c 1866.
942 ## - ADDED ENTRY ELEMENTS (KOHA)
Source of classification or shelving scheme Dewey Decimal Classification
Koha item type Books
Holdings
Lost status Source of classification or shelving scheme Damaged status Not for loan Collection code Permanent Location Current Location Shelving location Date acquired Source of acquisition Cost, normal purchase price Total Checkouts Full call number Date last seen Copy number Koha item type
  Dewey Decimal Classification   Not For Loan Non-fiction Central Library, University of Rajshahi Central Library, University of Rajshahi Reading Room 17/09/1968 Zeitlinger 260.00   A 915.3 DIN 1866 15/11/2021 C-1 Books